Logo BPK

Biblioteka

Politechniki Koszalińskiej

Sistema pult dlja upravlenija programmami na Algole, Lispe i Avtokole / (Rekord nr 15183)

Szczegóły MARC
000 -ETYKIETA REKORDU
podpole kontrolne o stałej długości 00457nam a2200169 i 4500
001 - NUMER KONTROLNY REKORDU
pole kontrolne bg
040 ## - ŹRÓDŁO KATALOGOWANIA
Instytucja, która utworzyła rekord BPK
041 ## - KOD JĘZYKA
Kod języka tekstu pol
080 ## - UNIWERSALNA KLASYFIKACJA DZIESIĘTNA - UKD
UKD 519.682
008 - POLE O STAŁEJ DŁUGOŚCI - DANE KONTROLNE
podpole kontrolne o stałej długości s pl f |000 0 pol
100 1# - NAZWA OSOBOWA
Nazwa osobowa BRJABRIN, V. M.
245 #0 - TYTUŁ/ODPOWIEDZIALNOŚĆ
Tytuł Sistema pult dlja upravlenija programmami na Algole, Lispe i Avtokole /
Pozostałe elementy strefy tytułu i oznaczenia odpowiedzialności V.M. Brjabin, V.J. Safonov, V.M. Jufa.
260 ## - STREFA ADRESU WYDAWNICZEGO
Miejsce wydania Moskva,
Data publikacji, dystrybucji/powstania dokumentu 1972.
700 1# - HASŁO DODATKOWE - NAZWA OSOBOWA
Nazwa osobowa SAFONOV, V. J.
700 1# - HASŁO DODATKOWE - NAZWA OSOBOWA
Nazwa osobowa JUFA, V0. M.
856 ## - LOKALIZACJA I DOSTĘP DO ELEKTRONICZNYCH DOKUMENTÓW ZDALNYCH
Link (URL) http://koha.tu.koszalin.pl/cgi-bin/koha/opac-detail.pl?biblionumber=15183
Tekst linku Katalog online BPK
942 ## - DODATKOWE ELEMENTY (KOHA)
Typ dokumentu Książka
Egzemplarze
Wycofany Status egzemplarza Uszkodzony Dostępność Lokalizacja stała Lokalizacja bieżąca Miejsce przechowywania Sygnatura Kod kreskowy Typ dokumentu
      Dostępny Biblioteka Politechniki Koszalińskiej Biblioteka Politechniki Koszalińskiej Wypożyczalnia BG 15705 01730821 Książka
© 2023 Biblioteka Politechniki Koszalińskiej :: KOHA